Ústavné právo Slovenskej republiky /

Saved in:
Bibliographic Details
Main Author: Bröstl, Alexander (Author)
Format: Book
Language:Slovak
Published: Plzeň Vydavatelství a nakladetelství A. Čeněk 2015
Edition:3. upr. vyd.
Subjects:
Tags: Add Tag
No Tags, Be the first to tag this record!

MARC

LEADER 00000nam a22000003a 4500
001 0068739
003 SK-STU
005 20211217115238.8
007 ta
008 181119s ----xo-----e------000-0-----d
020 |a 978-80-7380-580-7 
040 |a STU  |b slo 
041 0 |a slo 
044 |a xr 
100 1 |a Bröstl, Alexander  |4 aut 
245 1 0 |a Ústavné právo Slovenskej republiky /  |c aut. Alexander Bröstl 
250 |a 3. upr. vyd. 
260 |a Plzeň  |b Vydavatelství a nakladetelství A. Čeněk  |c 2015 
300 |a 423 s. 
650 0 7 |a právo 
996 |b 284M087997  |c M* 14176-1  |l MMST  |s A  |a 24  |w 0068739_0001 
996 |b 284M088984  |c M* 14176-2  |l MMKN  |s A  |a 24  |w 0068739_0002